| 000 | 01489nam a2200325 a 4500 | ||
|---|---|---|---|
| 001 | BRCA_4900 | ||
| 005 | 20190320204842.0 | ||
| 008 | 201010s1823----mx-#######---#000-0#spa-# | ||
| 041 | _aspa | ||
| 044 | _amx | ||
| 084 |
_aDOC6 _b.I88 _c1823 |
||
| 100 | 1 |
_aIturbide, Agustín de _d1783-1824 _912414 |
|
| 245 | 1 | 0 |
_aDocumento firmado por Don Agustín de Iturbide _cAgustín de Iturbide ; José Manuel de Herrera. |
| 260 |
_aMéxico _c1823 |
||
| 300 |
_a[2] fojas _c30 x 21 cm. |
||
| 500 | _aDocumento firmado el 1 de febrero de 1823. | ||
| 500 | _aDocumento reglamentario para la admisión de extranjeros, dado a conocer en forma de circular por Don José Manuel de Herrera a nombre de Don Agustín de Iturbide. | ||
| 500 | _aAl margen inscripción que dice: ´Primera Secretaria de Estado´. | ||
| 500 | _aEl documento contiene la leyenda DOC. #15. | ||
| 500 | _aPapel con marca de agua. | ||
| 500 | _aEstado de conservación: el documento se encuentra dañado con marcas ocasionadas por fuego en los márgenes superior e inferior. | ||
| 506 | 0 | _aFondo Reservado. Para su consulta es necesario credencial de usuario y carta de motivos. | |
| 546 | _aTexto en : español de principios del siglo XIX. | ||
| 600 | 1 | 4 |
_aIturbide, Agustín de _c1783-1824 _xHistoria _912415 |
| 651 | 4 |
_aMéxico _xHistoria _yPrimeros gobiernos independientes, 1821-1824 _912416 |
|
| 653 | 0 | _aPrimer Imperio Mexicano. | |
| 700 | 1 |
_aHerrera, José Manuel de _912417 |
|
| 902 | _aFDH | ||
| 942 |
_2lcc _cD |
||
| 999 |
_c4594 _d4594 |
||